000 00515cam a22002051 4500
001 ca 30000558
003 DLC
005 20260227111123.0
008 760218s1924 xx 000 1 pol
010 _aca 30000558
035 _a(OCoLC)2000577
040 _aDLC
_cOT
_dDLC
042 _apremarc
050 0 0 _aPG7158.B4
_bO8
100 1 _aBerent, Wacław,
_d1873-1940.
245 1 0 _aOzimina;
_bpowieść.
260 _aLwów,
_bWydawnictwo Polskie,
_c1924.
300 _a240 p.
_c20 cm.
500 _aWinter corn.
999 _c16636
_d16636